000 00332nam a2200145Ia 4500
100 _aLipschutz/Seymour
942 _cBK
654 _aMathematics
245 _aInt. Probability and Statistics
260 _bSchaums outline series
_aNew Delhi
_c1998
082 _a519.2
_bLIP
300 _a365
546 _aENGLISH
999 _c31295
_d31295